British Footballers 1960's and 70's (Photo Quiz) - Statistics

General Stats
  • This quiz has been taken 297 times
    138 since last reset
  • The average score is 14 of 20
Answer Stats
Picture Answer % Correct
Jack Charlton
93%
George Best
92%
Bobby Moore
91%
Kevin Keegan
88%
Jimmy Greaves
83%
Alan Ball
74%
Billy Bremner
71%
Trevor Francis
71%
Ray Clemence
70%
Malcolm Macdonald
69%
Charlie George
68%
John Toshack
64%
Bob Wilson
63%
Colin Bell
63%
Martin Peters
63%
Frank Worthington
61%
Ron Harris
59%
Stan Bowles
58%
Norman Hunter
57%
George Eastham
34%
No matching quizzes found
Score Distribution
Percent of People with Each Score
Percentile by Number Answered
Your Score History
You have not taken this quiz since the last reset